02405nam a22002897a 4500003000900000008004100009040007100050082002400121110007400145245010800219260003200327300005500359440007500414505128800489650002901777650002301806650001601829650004101845700001801886700002601904700001901930700002801949700002401977700002902001700003002030710005502060AR-CdUCM190425b ||||| |||| 00| 0 spa d aMUNICIPALIDAD PROVINCIAL DEL CUSCOcBIBLIOTECA MUNICIPAL DEL CUSCO aRev.DIMA/N°19/1961 aInstituto y Museo Arqueológico de la Universidad Nacional del Cuzco aRevista del Museo e Instituto Arqueológico /cLuis A. Pardo, director, Universidad Nacional del Cuzco aCusco :bH.G. Rozas,c1961. a386 páginas. :bilustraciones, 1 plano ;c21 cm. aRevista del Museo e Instituto Arqueológico.nAño XII, 1961. N°19. aContenido: Breves apuntes de la vida y obra de Hiram Bingham. Albert A. Giesecke. -- Una excursión a Machupicchu. José Gabriel Cosió. -- Descubrimientos arqueológicos. Hiram Bingham. -- Discurso en el Instituto Histórico del Cuzco. Hiram Bingham. -- Incalandia. Hiram Bingham. -- Una antigua ciudad de los incas. Hiram Bingham. -- Una excursión a Machupicchu. Luis E. Valcárcel. -- Wayna Picchu. Marques de Wavrin. -- Machupicchu. Jorge Cornejo Bouroncle. -- El urbanismo en el antiguo Perú, Machupicchu ciudad autárquica. Emilio Harth Terré. -- Machupicchu monumento incaico. Luis E. Valcárcel. -- La alfarería de Mchupicchu. Manuel Chávez Ballón. -- El misterio de Machupicchu. Víctor Pérez Armendáriz. -- Exposición de los trabajos de defensa consolidación y restauración realizados en Machupicchu en los últimos veintidós años. Luis A. Pardo. -- Machupicchu octava maravilla del mundo. Felipe de La Barra. -- Machupicchu una joya arquitectónica de los incas, Luis A. Pardo. -- Machupicchu ciudad de la ultima esperanza. Juan Larrea. -- Informe elevado al supremo gobierno sobre los trabajos de la expedición científica de la Universidad de Yale. José Gabriel Cosió. -- Homenaje botánico a Machupicchu. César Vargas C. aArqueología cusqueña aHistoria del Cusco aMachupicchu aSantuario Histórico de Machupicchu aPardo, Luis A aHarth Terré, Emilio aBingham, Hiram aCosió, José Gabriel aValcárcel, Luis E aCornejo Bouroncle, Jorge aChávez Ballón, Manuel aUniversidad Nacional de San Antonio Abad del Cusco